Philosophical Arabesques / (Record no. 55201)

MARC details
000 -LEADER
fixed length control field 00894 a2200241 4500
008 - FIXED-LENGTH DATA ELEMENTS--GENERAL INFORMATION
fixed length control field 100602t xxu||||| |||| 00| 0 eng d
010 ## - LCCN (DPL NO)
LC control number ENG-103381
020 ## - INTERNATIONAL STANDARD BOOK NUMBER
Terms of availability 495.00
International Standard Book Number 9788189833251
035 ## - SYSTEM CONTROL NUMBER
System control number EN-86914
037 ## - SOURCE OF ACQUISITION
Source of stock number/acquisition DBAD / PUB
040 ## - CATALOGING SOURCE
Original cataloging agency DPL
Language of cataloging Eng
082 ## - DEWEY DECIMAL CLASSIFICATION NUMBER
Classification number 947
100 ## - MAIN ENTRY--PERSONAL NAME
Personal name Bukharin, Nikolai
9 (RLIN) 32320
245 ## - TITLE STATEMENT
Title Philosophical Arabesques /
Statement of responsibility, etc by Nikolai Bukharin ; translated by Renfrey Clarke
260 ## - PUBLICATION, DISTRIBUTION, ETC. (IMPRINT)
Place of publication, distribution, etc Delhi
Name of publisher, distributor, etc Aakar Books
Date of publication, distribution, etc 2007
270 ## - ADDRESS
Address 28E Pocket 4, Mayur Vihar Phase 1,
City Delhi
Postal code 110091
Telephone number 011-22795505
Fax number 011-22795641
Electronic mail address aakarbooks@gmail.
300 ## - PHYSICAL DESCRIPTION
Extent 407p.
Dimensions 24cm (pbk )
500 ## - GENERAL NOTE
General note Includes index
700 ## - ADDED ENTRY--PERSONAL NAME
Personal name Clarke , Renfrey
9 (RLIN) 32354
710 ## - ADDED ENTRY--CORPORATE NAME
Corporate name or jurisdiction name as entry element Shriver, George
9 (RLIN) 32355
942 ## - ADDED ENTRY ELEMENTS (KOHA)
Institution code [OBSOLETE] dpl
Item type English Books
Source of classification or shelving scheme Dewey Decimal Classification
Call number suffix BUK
Classification part 947
Holdings
Withdrawn status Lost status Source of classification or shelving scheme Damaged status Not for loan Collection code Home library Current library Date acquired Source of acquisition Cost, normal purchase price Total Checkouts Full call number Barcode Date last seen Copy number Cost, replacement price Koha item type
    Dewey Decimal Classification   Not For Loan Non-fiction D.B.Act.Division D.B.Act.Division 10/08/2011 DBAD/PUB 495.00   947BUK EN-86914 10/08/2011 1 495.00 English Books

© Delhi Public Library
Hit Counter
free hit counter